=LDR 00000nam 2200000 4500 =001 INLIS000000000037165 =005 20140922112359.0 =006 =007 =008 Ind =035 ##$$a 0010-061300000037165 =041 ##$$a Ind =082 ##$$a F Rom K =090 ##$$a F Rom K, Ber b =100 ##$$a Bergen =245 ##$$a Beauty and the beast, a Friend for phillipe = sahabatuntuk phillipe, leh Lara Berger ; alih bahasa, Ramayanti =260 ##$$a Jakarta $b PT. Gramedia $c 2009 =300 ##$$a 36 hlm, ilus, 28 cm =650 ##$$a Fiksi kanak-kanak =700 ##$$a Ramaynti =850 ##$$a NBPNMAT